Marvelous Complete Research on Control of Narcotic Substances Laws in Pakistan / (Record no. 612996)
[ view plain ]
| 000 -LEADER | |
|---|---|
| fixed length control field | 00412nam a22001217a 4500 |
| 082 ## - DEWEY DECIMAL CLASSIFICATION NUMBER | |
| Classification number | 344.0533 |
| Author Mark | AKH |
| 100 ## - MAIN ENTRY--PERSONAL NAME | |
| Personal name | Shah Syed Saleem Akhtar |
| 245 ## - TITLE STATEMENT | |
| Title | Marvelous Complete Research on Control of Narcotic Substances Laws in Pakistan / |
| Statement of responsibility, etc. | Syed Saleem Akhtar Shah |
| 260 ## - PUBLICATION, DISTRIBUTION, ETC. | |
| Place of publication, distribution, etc. | Lahore : |
| Name of publisher, distributor, etc. | Al Haq Law Book Centre, |
| Date of publication, distribution, etc. | 2024. |
| 300 ## - PHYSICAL DESCRIPTION | |
| Extent | 1002, p; |
| Dimensions | 24, cm. |
| 650 ## - SUBJECT ADDED ENTRY--TOPICAL TERM | |
| Topical term or geographic name entry element | Narcotic Laws |
| 942 ## - ADDED ENTRY ELEMENTS (KOHA) | |
| Source of classification or shelving scheme | |
| Koha item type | Book |
| 650 ## - SUBJECT ADDED ENTRY--TOPICAL TERM | |
| -- | 127999 |
| Withdrawn status | Lost status | Source of classification or shelving scheme | Damaged status | Not for loan | Permanent Location | Current Location | Date acquired | Source of acquisition | Total Checkouts | Full call number | Barcode | Date last seen | Price effective from | Koha item type |
|---|---|---|---|---|---|---|---|---|---|---|---|---|---|---|
| NUST Law School (NLS) | NUST Law School (NLS) | 02/27/2025 | Purchased by Multiline Books | 344.0533 AKH | NLS-136 | 02/27/2025 | 02/27/2025 | Book | ||||||
| NUST Law School (NLS) | NUST Law School (NLS) | 02/27/2025 | Purchased by Multiline Books | 344.0533 AKH | NLS-137 | 02/27/2025 | 02/27/2025 | Book | ||||||
| NUST Law School (NLS) | NUST Law School (NLS) | 06/25/2025 | 344.0533 AKH | NLS-1739 | 06/25/2025 | 06/25/2025 | Book | |||||||
| NUST Law School (NLS) | NUST Law School (NLS) | 06/25/2025 | 344.0533 AKH | NLS-1740 | 06/25/2025 | 06/25/2025 | Book | |||||||
| NUST Law School (NLS) | NUST Law School (NLS) | 06/25/2025 | 344.0533 AKH | NLS-1741 | 06/25/2025 | 06/25/2025 | Book |
